| 000 | 02030nam0a2200385 4500 | ||
|---|---|---|---|
| 001 | RU\NLR\BIBL_A\011216443 | ||
| 005 | 20161108112535.0 | ||
| 010 |
_a978-5-93567-263-8 _9300 |
||
| 021 |
_aRU _b2016-68177 _94385 |
||
| 035 | _a(NLR Aleph) 011216443 | ||
| 090 |
_a11999557 _c11999557 |
||
| 100 | _a20160921d2016 u y0rusy50 ca | ||
| 101 | 0 | _arus | |
| 102 | _aRU | ||
| 105 | _aacb|g|||000yd | ||
| 200 | 1 |
_aЗабытые судьбы _eпамятная книга свяженнослужителей Царевского и Черноярского уездов Астраханской епархии (в границах Калачевской епархии Волгоградской митрополии) _eбиографический справочник _eконец XVIII-начало XX вв. _e434 персоналии, 60 церквей, 46 населенных пунктов, 2 миссионерских участка _fавт.-сост.: А.А. Клушин, И.О. Будков |
|
| 210 |
_aВолгоград _cСтаница-2 _d2016 |
||
| 215 |
_a751 с. _cил., портр., карт. _d21x24 |
||
| 300 | _aНа обл. авт.: А.А. Клушин, И.О. Будков | ||
| 320 | _aБиблиогр. в подстроч. примеч. | ||
| 601 | 0 | 2 |
_aАстраханская епархия _xИстория _2nlr_sh1 _2nlr_sh2 _3RU\NLR\AUTH\661358400 |
| 606 | 1 |
_aДуховенство православное _yРоссия _z19 - нач. 20 вв. _jСправочники _3RU\NLR\AUTH\661539143 |
|
| 686 | 2 | _aЭ372.24-63 | |
| 686 | 2 | _aЭ372.24-605.1 | |
| 702 | 1 |
_aКлушин _bА. А. _gАндрей Александрович _4220 |
|
| 711 | 0 | 2 |
_aАстраханская епархия _3RU\NLR\AUTH\8810052917 |
| 942 | _cBOOK | ||
| 980 | _aNBR | ||
| 980 | _aNB | ||